| 000 | 00493nam a2200217Ia 4500 | ||
|---|---|---|---|
| 008 | 210210b2017 xxu||||| |||| 00| 0 eng d | ||
| 020 | _a9788193355244 | ||
| 041 | _aeng | ||
| 082 | _a923.2 RAMI | ||
| 100 | _aRAMESH (Jairam) | ||
| 245 | _aIndira Gandhi: a life in nature | ||
| 260 |
_aLondon _bSimon & Schuster _c2017 |
||
| 300 | _ax,437 | ||
| 650 | _anature | ||
| 650 | _alife | ||
| 650 | _aIndira | ||
| 650 | _aGandhi: | ||
| 650 | _aa | ||
| 690 | _aBiography | ||
| 906 | _a071550 | ||
| 999 |
_c121291 _d121291 |
||